<?xml version="1.0" encoding="UTF-8"?>
<record
    xmlns:xsi="http://www.w3.org/2001/XMLSchema-instance"
    xsi:schemaLocation="http://www.loc.gov/MARC21/slim http://www.loc.gov/standards/marcxml/schema/MARC21slim.xsd"
    xmlns="http://www.loc.gov/MARC21/slim">

  <leader>00720nam a22001337a 4500</leader>
  <datafield tag="999" ind1=" " ind2=" ">
    <subfield code="c">527948</subfield>
    <subfield code="d">527948</subfield>
  </datafield>
  <controlfield tag="008">241009b           ||||| |||| 00| 0 eng d</controlfield>
  <datafield tag="245" ind1=" " ind2=" ">
    <subfield code="a">Swachh Bharat Mission successfully transforms India&#x2019;s sanitation landscape </subfield>
  </datafield>
  <datafield tag="260" ind1=" " ind2=" ">
    <subfield code="a">Yojana</subfield>
  </datafield>
  <datafield tag="300" ind1=" " ind2=" ">
    <subfield code="a">68(10), Oct, 2024: p.17-21</subfield>
  </datafield>
  <datafield tag="520" ind1=" " ind2=" ">
    <subfield code="a">The Swachh Bharat mission (SBM), launched by prime Minister Shri Narendra Modi on 2 October 2014, represents a paradigm shift towards with the ambitious goal of making India open., defecation free (ODF) by the 150th Birth anniversary of Mahatma Gandhi in 2019, this Imitative has since revolutionised country&#x2019;s approach to hygiene and satiation. &#x2013; Reproduced  </subfield>
  </datafield>
  <datafield tag="773" ind1=" " ind2=" ">
    <subfield code="a">Yojana</subfield>
  </datafield>
  <datafield tag="906" ind1=" " ind2=" ">
    <subfield code="a">SANITATION</subfield>
  </datafield>
  <datafield tag="942" ind1=" " ind2=" ">
    <subfield code="c">AR</subfield>
  </datafield>
  <datafield tag="952" ind1=" " ind2=" ">
    <subfield code="0">0</subfield>
    <subfield code="1">0</subfield>
    <subfield code="2">ddc</subfield>
    <subfield code="4">0</subfield>
    <subfield code="7">0</subfield>
    <subfield code="9">403029</subfield>
    <subfield code="a">IIPA</subfield>
    <subfield code="b">IIPA</subfield>
    <subfield code="d">2024-10-09</subfield>
    <subfield code="h">68(10), Oct, 2024: p.17-21</subfield>
    <subfield code="p">AR133379</subfield>
    <subfield code="r">2024-10-09</subfield>
    <subfield code="y">AR</subfield>
  </datafield>
</record>
